Datum a čas kvízu
20
Celkem bodů
Celkový počet nahraných bodů na tomto kvízu bez doplňovacích otázek.
11.
Pořadí na kvízu
Konečné umístění týmu na tomto kvízu.
Zaznamenané odpovědi
| # | Otázka | Odpověď | Body | Výsledky |
|---|---|---|---|---|
| 1. | Který sběratelský předmět byl... | poštovní známka | 0 | |
| 2. | V úterý se v jisté evropské mo... | Španělsko, princezna Leonor | 0 | |
| 3. | Ve čtvrtek měla premiéru horor... | Přišla v noci | 0 | |
| 4. | Minulý týden otevřel jistý ame... | Popeye's | 1 | |
| 5. | Lionel Messi získal poosmé cen... | Erling Haaland, Kylian Mbappé | 1 | |
| -14. | O které významné ženě 18. stol... | o Marii Antoinettě | 0 | |
| -13. | Přívlastkové víno, k jehož výr... | výběr z cibéb | 0 | |
| -12. | Jak se slovem začínajícím na p... | enologie | 0 | |
| -11. | Vinařská oblast Čechy se dělí... | litoměřickou | 0 | |
| -10. | Brandy je pálenka vyrobená z h... | Cognac | 1 |